| 000 | 00919nam a22001935i 4500 | ||
|---|---|---|---|
| 001 | 156148 | ||
| 003 | ES-MaACL | ||
| 005 | 20251017063107.0 | ||
| 008 | 020416s1878 sp |||| | spa d | ||
| 040 |
_aCAM _bspa _cCAM |
||
| 100 | 1 |
_aJackson Cortés, Eduardo, _d1826-1890 _9128236 |
|
| 245 | 1 | 0 |
_aGanar perdiendo _b: juguete cómico en un acto y en prosa / _coriginal de Eduardo Jackson Cortés. |
| 260 |
_aMadrid : _b[s.n.], _c1878 ( _fImprenta de José Rodriguez) |
||
| 300 |
_a26 p. ; _c20 cm. |
||
| 500 | 1 | _aRepresentado por primera vez en el Teatro de Eslava el 10 de diciembre de 1878. | |
| 596 | 1 | _aEn verso de la port. consta: "... Galería Lírico-Dramática, titulada el Teatro, de los hijos de A. Gullon ..." | |
| 852 |
_aES-MaACL _jF-8553(4) _z-- Enc. pasta española _z-- Enc. en un vol. facticio formando parte de la col. facticia "Teatro español moderno", v. 5 |
||
| 999 |
_c156148 _d156148 |
||